MARC details
| 000 -LEADER |
| fixed length control field |
02419cam a22004572u 4500 |
| 001 - CONTROL NUMBER |
| JCCL Control Number |
7515 |
| 003 - CONTROL NUMBER IDENTIFIER |
| JCCL marc code |
BD-JhCC |
| 005 - DATE AND TIME OF LATEST TRANSACTION |
| control field |
20181006115941.0 |
| 008 - FIXED-LENGTH DATA ELEMENTS--GENERAL INFORMATION |
| fixed length control field |
080220s1940 xxu ||| bt ||| | eng d |
| 035 ## - SYSTEM CONTROL NUMBER |
| system control number |
(BD-JhCC)7515 |
| 040 ## - CATALOGING SOURCE |
| Original cataloging agency |
ericd |
| Transcribing agency |
ericd |
| Modifying agency |
MvI |
| -- |
BD-JhCC |
| 041 ## - LANGUAGE CODE |
| Language code of Book |
eng |
| 082 ## - DEWEY DECIMAL CLASSIFICATION NUMBER |
| Author mark and Year |
PLA 1940 |
| Classification number |
510 |
| 091 ## - MICROFILM SHELF LOCATION (AM) [OBSOLETE] |
| Microfilm shelf location |
mfm |
| 110 2# - MAIN ENTRY--CORPORATE NAME |
| Corporate name or jurisdiction name as entry element |
National Council of Teachers of Mathematics, Inc., Reston, VA. |
| 245 14 - TITLE STATEMENT |
| Title |
The Place of Mathematics in Secondary Education. National Council of Teachers of Mathematics / |
| Statement of responsibility, etc |
W. D. Reeve, Ed. |
| 260 ## - PUBLICATION, DISTRIBUTION, ETC. (IMPRINT) |
| Place of publication, distribution, etc |
[Washington, D.C.] : |
| Name of publisher, distributor, etc |
Distributed by ERIC Clearinghouse, |
| Date of publication, distribution, etc |
1940. |
| 300 ## - PHYSICAL DESCRIPTION |
| Pagination |
267 p. |
| 500 ## - GENERAL NOTE |
| General note |
Availability: National Council of Teachers of Mathematics, Inc., 1906 Assocation Drive, Reston, Virginia 22091. |
| Institution to which field applies |
ericd |
| 500 ## - GENERAL NOTE |
| General note |
Educational level discussed: Two Year Colleges. |
| 520 ## - SUMMARY, ETC. |
| Summary, etc |
This yearbook is the final report of the Joint Commission of the Mathematical Assocation of America and the National Council of Teachers of Mathematics. The report contains discussions of the following: role of mathematics in civilization, general aims of modern education, general objectives for secondary education, place of mathematics in education, curriculum, one organization of instruction, a second curriculum plan, problems of retardation and acceleration, the junior college, evaluation of pupil progress, and teacher education. The major portion of the report is devoted to discussions of general principles. In several instances, such as programs of instruction, specific proposals are presented more in the form of acceptable possibilities rather than as the only answer. (LS) |
| 650 07 - SUBJECT ADDED ENTRY--TOPICAL TERM |
| Topical term or geographic name as entry element |
Acceleration. |
| 650 07 - SUBJECT ADDED ENTRY--TOPICAL TERM |
| Topical term or geographic name as entry element |
Cultural Background. |
| 650 17 - SUBJECT ADDED ENTRY--TOPICAL TERM |
| Topical term or geographic name as entry element |
Curriculum. |
| 650 07 - SUBJECT ADDED ENTRY--TOPICAL TERM |
| Topical term or geographic name as entry element |
Educational Objectives. |
| 650 17 - SUBJECT ADDED ENTRY--TOPICAL TERM |
| Topical term or geographic name as entry element |
Educational Principles. |
| 650 07 - SUBJECT ADDED ENTRY--TOPICAL TERM |
| Topical term or geographic name as entry element |
Evaluation. |
| 650 07 - SUBJECT ADDED ENTRY--TOPICAL TERM |
| Topical term or geographic name as entry element |
Instruction. |
| 650 17 - SUBJECT ADDED ENTRY--TOPICAL TERM |
| Topical term or geographic name as entry element |
Mathematics Education. |
| 650 07 - SUBJECT ADDED ENTRY--TOPICAL TERM |
| Topical term or geographic name as entry element |
Reference Materials. |
| 650 07 - SUBJECT ADDED ENTRY--TOPICAL TERM |
| Topical term or geographic name as entry element |
Reports. |
| 650 17 - SUBJECT ADDED ENTRY--TOPICAL TERM |
| Topical term or geographic name as entry element |
Secondary School Mathematics. |
| 650 07 - SUBJECT ADDED ENTRY--TOPICAL TERM |
| Topical term or geographic name as entry element |
Teacher Education. |
| 650 07 - SUBJECT ADDED ENTRY--TOPICAL TERM |
| Topical term or geographic name as entry element |
Two Year Colleges. |
| 650 17 - SUBJECT ADDED ENTRY--TOPICAL TERM |
| Topical term or geographic name as entry element |
Yearbooks. |
| 655 #7 - |
| Genre/form data or focus term |
Reports, Descriptive. |
| Source of term |
ericd |
| 700 1# - ADDED ENTRY--PERSONAL NAME |
| Personal name |
Reeve, W. D., |
| 710 2# - ADDED ENTRY--CORPORATE NAME |
| Corporate name or jurisdiction name as entry element |
National Council of Teachers of Mathematics, Inc., Reston, VA. |
| 942 ## - ADDED ENTRY ELEMENTS (KOHA) |
| Source of classification or shelving scheme |
Dewey Decimal Classification |
| Koha item type |
Books |